[Event "WGM Marmaris Cleopatra 2018"]
[Site "Mentese Mugla"]
[Date "2018.10.28"]
[Round "5.10"]
[White "Zozulia, Anna"]
[Black "Isgandarova, Khayala"]
[Result "1-0"]
[WhiteElo "2292"]
[BlackElo "2194"]
[Annotator "TA"]
[PlyCount "97"]
[EventDate "2018.10.26"]
[EventType "tourn"]
[EventCountry "TUR"]
[SourceTitle "playchess.com"]
[Source "ChessBase"]
[SourceQuality "1"]

{[%evp 20,97,13,13,56,47,86,88,88,83,110,121,137,94,154,147,174,172,176,151,159,151,150,156,154,127,168,168,168,167,168,166,186,173,206,219,196,218,229,218,223,191,184,182,182,182,183,184,415,405,472,471,460,461,452,472,514,514,516,520,556,405,725,731,650,664,539,379,1237,1237,1192,1221,1149,1066,5289,5281,3013,2693,2312,2050]} 1. e4 e5 2. Nf3 Nc6 3. Bb5 a6 4. Ba4 Nf6 5. O-O b5 6. Bb3 Be7 7. Re1 O-O 8. c3 d6 9. d3 {[%cal Bd2d3,Bd3d4][%mdl 32]} Na5 10. Bc2 c5 11. d4 {LiveBook: 35 Games. C90: Closed Ruy Lopez with 7...d6: Early deviations} (11. Nbd2 Re8 12. Nf1 Nc6 13. Ne3 Bf8 14. a4 b4 15. Nd5 h6 16. a5 Nxd5 17. exd5 Nxa5 18. Ba4 Re7 19. Nd2 Rb8 20. c4 Nb7 21. Ne4 f5 22. Ng3 {1-0 (43) Carlsen,M (2837)-Ding,L (2774) Saint Louis 2017}) 11... Nc6 12. d5 Nb8 13. a4 {White is better.} bxa4 14. Bxa4 $146 ({Predecessor:} 14. Rxa4 Ne8 15. Nbd2 g6 16. Nc4 Ng7 17. Bh6 f5 18. Nfxe5 dxe5 {½-½ (43) Kersic,M (2173)-Bratkovic,S (2023) Sentjur 2013}) 14... Bd7 15. Bc2 Re8 16. Nbd2 Bf8 (16... Bb5 $142) 17. Nc4 $16 Bb5 18. Na5 h6 19. Bd3 Bxd3 20. Qxd3 Qc7 21. Nh4 {[%cal Bf3h4,Bh4g2,Bg2e3,Be3c4][%mdl 32]} g6 22. Qf3 Qe7 23. g3 Bg7 24. Be3 Nfd7 25. Reb1 Bf6 26. Ng2 ({Don't do} 26. Bxh6 $6 Bxh4 27. gxh4 Qxh4 $16) 26... Bg5 27. h4 Bxe3 28. Nxe3 Rc8 29. Nec4 Ra7 30. Qe3 Kg7 31. b4 Rac7 32. b5 axb5 33. Rxb5 {[#] Hoping for Nb7.} f5 $2 (33... Nf6 {was necessary.} 34. Kg2 Ne8) 34. exf5 $18 gxf5 35. Nb7 f4 36. Qf3 fxg3 37. fxg3 Rf8 38. Qg4+ Kh8 {intending ...Nf6.} 39. Nbxd6 Rg8 40. Qf3 {[#] aiming for Nf7+.} Nf6 (40... Qf6 $142 41. Qd3 e4 42. Nxe4 Qxh4) 41. Nf5 Qh7 42. Nxe5 Nbd7 43. Nc6 Rxc6 $2 (43... Rf8 44. Rf1 Ne8) 44. dxc6 {White is clearly winning.} Ne5 45. Qf4 Nd3 46. Qxh6 Rxg3+ 47. Kf1 ({Stronger than} 47. Nxg3 Qxh6 48. Ra8+ Kh7 $11) 47... Qxh6 48. Nxh6 Nd5 49. Ra8+ {Precision: White = 80%, Black = 28%.} 1-0

[Event "WGM Marmaris Cleopatra 2018"]
[Site "Mentese Mugla"]
[Date "2018.10.28"]
[Round "6.6"]
[White "Tereladze, Sopiko"]
[Black "Ince, Safiye Oyku"]
[Result "1/2-1/2"]
[WhiteElo "2161"]
[BlackElo "1855"]
[Annotator "TA"]
[PlyCount "73"]
[EventDate "2018.10.26"]
[EventType "tourn"]
[EventCountry "TUR"]
[SourceTitle "playchess.com"]
[Source "ChessBase"]
[SourceQuality "1"]

{[%evp 15,73,7,19,13,37,27,50,21,25,18,16,0,0,0,0,0,0,-5,0,0,0,0,0,-12,8,13,150,8,56,20,23,0,12,0,0,0,0,0,5,-63,-27,-40,-29,-34,-32,-35,-45,-38,-41,-68,0,-28,-8,-17,0,0,4,7,7,0]} 1. d4 Nf6 2. Nf3 e6 3. Bg5 d5 4. e3 Be7 5. Nbd2 Nbd7 6. Bd3 c5 7. c3 O-O 8. O-O Qc7 {LiveBook: 42 Games} 9. Re1 {D03: 1 d4 d5 2 Nf3 Nf6 3 Bg5, including Torre Attack with early ...d5} (9. Qe2 b6 10. Rac1 Bb7 11. c4 Bd6 12. b4 Ne4 13. cxd5 exd5 14. dxc5 bxc5 15. bxc5 Ndxc5 16. Nb3 Rfc8 17. Nxc5 Bxc5 {1-0 (41) Jones,G (2665)-Meier,G (2632) Helsingor 2014}) 9... Rd8 $146 ({Predecessor:} 9... Re8 10. Qa4 Nh5 11. Bxe7 Rxe7 12. dxc5 Qxc5 13. Qh4 Nhf6 14. e4 dxe4 15. Nxe4 Nxe4 16. Bxe4 Nf6 {1-0 (25) Alarcon Casellas,R (2385)-Chang,S (2011) Sant Adria de Besos 2018}) 10. Qe2 b6 11. e4 {White is slightly better.} (11. Bf4 {looks sharper.} Bd6 12. Bxd6 Qxd6 13. e4 e5 14. c4) 11... dxe4 12. Nxe4 Bb7 13. Nxf6+ Bxf6 14. Bxf6 Nxf6 15. dxc5 Qxc5 16. Rad1 Qh5 17. Ne5 Qxe2 18. Rxe2 Kf8 19. f4 Nd5 {Hoping for ...f6.} 20. g3 h5 {[#]} (20... Ke7 $11) 21. Kf2 (21. Be4 $1 $16) 21... Rac8 22. Red2 {Be2 is the strong threat.} Nf6 23. Ke2 Rc5 24. c4 Ng4 25. Nxg4 hxg4 26. Ke3 Bf3 27. Re1 (27. b4 $11 Rcc8 28. Rc1) 27... g5 (27... e5 {seems wilder.} 28. f5 Ke7 29. b3 Kf6 30. h4 Rc7) 28. fxg5 Rxg5 29. Be4 Rxd2 30. Kxd2 Bxe4 31. Rxe4 $15 {[%mdl 4096] Endgame KR-KR} Ke7 32. Kc3 Kd6 (32... e5 $15) 33. b4 {[%cal Bb2b4,Bb4b5][%mdl 32]} e5 34. Re2 {The position is equal.} Rf5 35. Rd2+ Kc6 36. b5+ Kc7 37. Re2 {Precision: White = 35%, Black = 43%.} 1/2-1/2

[Event "WGM Marmaris Cleopatra 2018"]
[Site "Mentese Mugla"]
[Date "2018.10.28"]
[Round "6.7"]
[White "Abdulla, Khayala"]
[Black "Soyunlu, Narmin"]
[Result "1/2-1/2"]
[WhiteElo "2168"]
[BlackElo "2014"]
[Annotator "TA"]
[PlyCount "54"]
[EventDate "2018.10.26"]
[EventType "tourn"]
[EventCountry "TUR"]
[SourceTitle "playchess.com"]
[Source "ChessBase"]
[SourceQuality "1"]

{[%evp 35,54,0,6,0,0,0,0,0,13,7,13,13,13,0,9,0,12,0,8,0,10]} 1. e4 e6 2. d4 d5 3. Nc3 Nf6 4. Bg5 Be7 5. e5 Nfd7 6. Bxe7 Qxe7 7. f4 O-O 8. Nf3 c5 9. dxc5 Nc6 10. Qd2 Nxc5 11. Bd3 f5 12. exf6 Qxf6 13. g3 Nxd3+ 14. cxd3 Bd7 15. O-O e5 {C14: French: Classical System: 4 Bg5 Be7 main line} 16. Nxe5 (16. Rae1 exf4 17. Nxd5 Qd6 18. Nxf4 Bg4 19. Qe3 Rad8 20. a3 h6 21. h4 Rd7 22. Qe4 Qc5+ 23. Qe3 Qd6 24. h5 {1-0 (55) Ganguly,S (2596)-Ulybin,M (2529) Abu Dhabi 2005}) 16... Nxe5 17. fxe5 Qxe5 18. d4 Qh5 {LiveBook: 5 Games. The position is equal.} 19. Qe2 (19. Qg2 {is interesting.} Bc6 20. Rae1 Qg6 21. Qe2 Rfe8 22. Qd1) 19... Qxe2 $146 ({Predecessor:} 19... Bg4 20. Qb5 Bf3 21. Rf2 Qg4 22. Qd3 Rf6 23. Nd1 Raf8 24. Ne3 Qh3 25. Re1 h5 26. Qb3 Kh7 27. Nf1 Be4 28. Ree2 Qg2+ {0-1 (28) Ivanovic,Z (2255)-Jurkovic,A (2320) Pula 1998}) 20. Nxe2 Rxf1+ 21. Rxf1 Rf8 22. Rxf8+ Kxf8 $11 {KB-KN} 23. Nf4 Bc6 $1 24. Ne2 Bd7 25. Nf4 Bc6 $1 26. Ne2 Bd7 27. Nf4 Bc6 $1 1/2-1/2

[Event "WGM Marmaris Cleopatra 2018"]
[Site "Mentese Mugla"]
[Date "2018.10.28"]
[Round "6.8"]
[White "Dimitrijevic, Aleksandra"]
[Black "Arda, Cagil Irmak"]
[Result "1/2-1/2"]
[WhiteElo "2189"]
[BlackElo "2096"]
[Annotator "TA"]
[PlyCount "65"]
[EventDate "2018.10.26"]
[EventType "tourn"]
[EventCountry "TUR"]
[SourceTitle "playchess.com"]
[Source "ChessBase"]
[SourceQuality "1"]

{[%evp 19,65,-28,-7,-17,-20,-34,-17,-45,0,-37,-1,-3,-4,-5,0,0,13,0,11,17,21,0,0,0,0,0,0,0,0,0,0,0,0,0,0,0,0,0,2,0,0,0,-7,-7,0,0,0,0]} 1. Nf3 Nf6 2. b3 g6 3. Bb2 Bg7 4. e3 d5 5. Be2 c5 6. O-O O-O 7. d3 {A05: Réti Opening: 1 Nf3 Nf6} (7. c4 d4 8. exd4 Nh5 9. Ne5 cxd4 10. Bxh5 Bxe5 11. Bf3 Nc6 12. d3 Qc7 13. h3 Bf5 14. a3 a5 15. Qe2 {½-½ (35) Grachev,B (2626)-Kryakvin,D (2595) Sochi 2018}) 7... b6 8. Nbd2 Bb7 9. c4 Nc6 10. a3 e6 {LiveBook: 7 Games} 11. Qc2 Rc8 12. Rac1 Qe7 13. Qb1 Nd7 $146 ({Predecessor:} 13... e5 14. cxd5 Nxd5 15. Rfe1 Rfe8 {0-1 (34) Medina,M (2375)-Rivera,A (2370) Matanzas 1994}) 14. Rfe1 Bxb2 15. Qxb2 {The position is equal.} Qf6 16. Qb1 Rfd8 17. b4 dxc4 (17... Rb8 {with more complications.}) 18. Nxc4 Nce5 19. Nfxe5 Nxe5 20. Nxe5 Qxe5 21. bxc5 Qg5 {[%csl Gb7][%cal Rg5g2] [#]} 22. Bf1 Rxc5 23. d4 Rcc8 24. Qb4 Qd5 25. Qe7 Re8 26. Qb4 Rxc1 27. Rxc1 Rc8 28. Rxc8+ Bxc8 29. Qa4 {[#] Threatens to win with Qe8+.} Qd7 30. Bb5 Qc7 31. h3 Qc1+ 32. Kh2 Qc7+ 33. Kg1 {Precision: White = 51%, Black = 53%.} 1/2-1/2

[Event "WGM Marmaris Cleopatra 2018"]
[Site "Mentese Mugla"]
[Date "2018.10.28"]
[Round "6.9"]
[White "Zozulia, Anna"]
[Black "Okuyaz, Duru"]
[Result "1/2-1/2"]
[WhiteElo "2292"]
[BlackElo "2108"]
[Annotator "TA"]
[PlyCount "58"]
[EventDate "2018.10.26"]
[EventType "tourn"]
[EventCountry "TUR"]
[SourceTitle "playchess.com"]
[Source "ChessBase"]
[SourceQuality "1"]

{[%evp 12,58,31,29,41,49,70,62,70,50,75,81,69,68,68,67,76,0,0,0,0,-10,42,39,29,0,14,14,14,13,14,16,22,0,0,0,7,0,0,0,8,18,17,11,19,-2,0,0,8]} 1. e4 e6 2. d4 d5 3. Nd2 a6 4. Bd3 c5 5. dxc5 Bxc5 6. Ngf3 Nf6 7. Qe2 {LiveBook: 72 Games} dxe4 {C07: French Tarrasch: 3...c5, 4 Ngf3 and 4 exd5 Qxd5} (7... Nc6 8. c3 Qc7 9. O-O Bd7 10. exd5 Nxd5 11. Ne4 Be7 12. Re1 Nf4 13. Bxf4 Qxf4 14. Rad1 Rd8 15. g3 {0-1 (54) Gashimov,V (2758)-Ponomariov,R (2739) Khanty-Mansiysk 2009}) 8. Nxe4 Be7 9. O-O O-O {White is slightly better.} 10. Rd1 $146 {[#] Strongly threatening Nxf6+.} ({Predecessor:} 10. Bg5 Nbd7 11. Rad1 h6 12. Nxf6+ Bxf6 13. Qe4 Re8 14. Qh7+ Kf8 15. Bf4 e5 16. Rfe1 Re6 17. Nd4 exd4 18. Bd6+ Ke8 19. Rxe6+ {1-0 (19) Tishin,P (2477)-Pogosian,G (2240) Tula 2004}) 10... Qc7 11. Nxf6+ Bxf6 12. Qe4 {[%csl Gd3][%cal Re4h7]} g6 13. Bf4 Qb6 14. Bxb8 (14. Ne5 $16) 14... Rxb8 $11 15. Qf4 Bd8 $1 16. b3 Bc7 (16... Qc7 $11 17. Qh6 b6) 17. Qh6 $14 {[#] White wants to mate with Ng5.} Bd8 $1 18. Bc4 {aiming for Rxd8!} Bf6 {The position is equal.} 19. Ng5 Bxg5 $1 20. Qxg5 Qc7 21. a4 b5 22. axb5 axb5 23. Bd3 Bb7 24. Qg3 Qc5 25. Qe3 Qxe3 26. fxe3 b4 27. Kf2 Rfd8 28. Be2 Be4 29. Bd3 Bb7 {Precision: White = 50%, Black = 41%.} 1/2-1/2

[Event "WGM Marmaris Cleopatra 2018"]
[Site "Mentese Mugla"]
[Date "2018.10.28"]
[Round "6.10"]
[White "Tsatsalashvili, Keti"]
[Black "Isgandarova, Khayala"]
[Result "1-0"]
[WhiteElo "2330"]
[BlackElo "2194"]
[Annotator "TA"]
[PlyCount "55"]
[EventDate "2018.10.26"]
[EventType "tourn"]
[EventCountry "TUR"]
[SourceTitle "playchess.com"]
[Source "ChessBase"]
[SourceQuality "1"]

{[%evp 26,55,48,41,95,81,88,100,162,127,355,349,348,352,354,341,345,403,391,387,386,370,493,497,639,614,694,652,702,682,784,786]} 1. d4 Nf6 2. c4 g6 3. Nc3 Bg7 4. e4 d6 5. Nf3 O-O 6. Be2 e5 7. O-O Nc6 8. d5 Ne7 9. Nd2 Nd7 10. b4 a5 11. Ba3 axb4 12. Bxb4 f5 13. a4 Nf6 {E97: King's Indian: Classical Main Line (6...e5 7 0-0 Nc6): 8 Be3 and 8 d5 Ne7, not 9 Ne1} (13... Bh6 14. Bd3 Rf7 15. Nb3 Nf6 16. c5 fxe4 17. cxd6 cxd6 18. Nxe4 Nxe4 19. Bxe4 Bf5 20. Bxf5 Nxf5 21. Bd2 Bxd2 22. Qxd2 {0-1 (36) Bacrot,E (2555)-Ivanchuk,V (2730) Cap d'Agde 1998}) 14. c5 {LiveBook: 5 Games} Ne8 (14... Nxe4 $14 15. Ndxe4 fxe4) 15. Nc4 dxc5 $146 {White is better.} ({Predecessor:} 15... fxe4 16. cxd6 cxd6 17. Nxe4 Rf4 18. Nexd6 Rd4 19. Qb3 Nxd6 20. Bxd6 Nxd5 21. Bxe5 Bxe5 22. Nxe5 {½-½ (50) Delisau Gil,O (1976)-Panella Navarro,S (2122) Vilaseca 2012}) 16. Bxc5 Nd6 (16... b6 $16 17. Bb4 Ba6) 17. Qb3 Kh8 $2 (17... fxe4 $16 {is a better defense.} 18. Nxd6 cxd6) 18. Nxd6 $18 cxd6 19. Bb6 Qe8 20. Nb5 {[#] Hoping for Nc7.} Bd7 21. Nc7 ({Much less strong is} 21. Nxd6 Qb8 $18) 21... Qf7 22. Nxa8 Rxa8 23. f3 g5 24. Bc7 {White is clearly winning.} Qg6 25. Qxb7 Re8 26. Qb4 Nc8 27. Bb5 Bxb5 28. axb5 {Precision: White = 92%, Black = 17%.} 1-0

[Event "WGM Marmaris Cleopatra 2018"]
[Site "Mentese Mugla"]
[Date "2018.10.29"]
[Round "7.6"]
[White "Ince, Safiye Oyku"]
[Black "Tsatsalashvili, Keti"]
[Result "1/2-1/2"]
[WhiteElo "1855"]
[BlackElo "2330"]
[Annotator "TA"]
[PlyCount "85"]
[EventDate "2018.10.26"]
[EventType "tourn"]
[EventCountry "TUR"]
[SourceTitle "playchess.com"]
[Source "ChessBase"]
[SourceQuality "1"]

{[%evp 14,85,21,6,18,18,21,0,14,-3,0,-6,-11,-14,-21,-10,18,7,12,6,54,54,54,44,52,41,56,48,44,-17,0,-93,12,0,88,104,103,111,122,106,133,121,150,148,180,130,145,145,145,145,124,116,121,116,121,114,121,121,121,121,139,123,121,129,163,110,122,115,172,75,97,85,132,90]} 1. e4 c5 2. Nf3 d6 3. c3 Nf6 4. h3 Nbd7 5. Bd3 b6 6. Bc2 {B50: Sicilian: 2...d6, Miscellaneous} (6. O-O Bb7 7. Re1 Qc7 8. Bc2 Rc8 9. d3 g6 10. a4 Bg7 11. Na3 O-O 12. Bg5 e5 13. Qd2 d5 {0-1 (35) Bauer,C (2623)-Korobov,A (2700) Berlin 2015}) 6... Bb7 7. Qe2 Rc8 8. d3 {LiveBook: 3 Games. The position is equal.} e6 9. O-O Be7 10. d4 $146 ({Predecessor:} 10. Nh2 e5 11. Nd2 O-O 12. f4 exf4 13. Rxf4 Qc7 {1-0 (44) Vallejo Diaz,J (2319)-Fernandez Montoro,J (2190) Burguillos 2007}) 10... O-O 11. Re1 Qc7 12. a4 cxd4 13. Nxd4 Nc5 14. Nd2 Qb8 15. b4 Ncd7 16. Bb2 Qa8 17. a5 bxa5 18. Rxa5 Bd8 19. Ra2 Qb8 20. Bd3 Bb6 21. Rea1 ({Better is} 21. c4 $14) 21... d5 $11 22. Bb5 (22. c4 $11 dxc4 23. Nxc4) 22... dxe4 (22... Ne5 $17 23. N4b3 Nxe4 24. Nxe4 dxe4) 23. c4 $36 {[%mdl 2048] White fights for an advantage.} Qf4 (23... Rfd8 $11 {remains equal.}) 24. c5 $16 Nxc5 25. bxc5 Bxc5 {[#]} 26. Nc4 $1 Bd5 27. Ra4 Rb8 28. Ne3 Bd6 {( -> ...Qh2+)} 29. Nf1 Rfc8 {With the idea ...e5.} 30. Ba6 Rd8 31. Nb5 Bc5 32. Bc1 Qe5 33. Be3 Bb3 34. Ra5 Bb4 35. Bxa7 Bxa5 36. Rxa5 Ra8 {White must now prevent ...Rxa7!} 37. Bb7 Rxa7 38. Rxa7 Qc5 39. Ne3 (39. Ba6 $18) 39... h6 40. Ra3 Qc1+ (40... Qb4 $16) 41. Kh2 (41. Qf1 $18 {is more deadly.} Qb2 42. Qa1 Qxa1+ 43. Rxa1) 41... Rd2 {[#]} 42. Qf1 $1 {[%cal Rf1c1]} Qb2 43. Qa1 {Precision: White = 53%, Black = 54%.} 1/2-1/2

[Event "WGM Marmaris Cleopatra 2018"]
[Site "Mentese Mugla"]
[Date "2018.10.29"]
[Round "7.7"]
[White "Soyunlu, Narmin"]
[Black "Tereladze, Sopiko"]
[Result "1/2-1/2"]
[WhiteElo "2014"]
[BlackElo "2161"]
[Annotator "TA"]
[PlyCount "91"]
[EventDate "2018.10.26"]
[EventType "tourn"]
[EventCountry "TUR"]
[SourceTitle "playchess.com"]
[Source "ChessBase"]
[SourceQuality "1"]

{[%evp 17,91,20,44,41,34,34,45,45,177,166,174,176,170,172,250,262,239,254,252,256,385,220,225,198,209,192,207,191,190,77,97,8,8,13,13,13,27,0,0,-21,-17,-16,-2,-2,-3,-3,-3,-3,-3,-3,0,0,0,0,0,0,0,0,0,0,0,0,0,0,0,0,0,0,0,0,0,0,0,0,0,0]} 1. d4 Nf6 2. c4 e6 3. Nc3 Bb4 4. g3 O-O 5. Bg2 d5 6. Nf3 dxc4 7. O-O c6 8. Ne5 {E20: Nimzo-Indian: 4 g3 and 4 f3} Nd5 9. Qc2 b5 {LiveBook: 3 Games} 10. a4 {White is slightly better.} (10. e4 Nxc3 11. bxc3 Be7 12. f4 f6 13. Nf3 Nd7 14. g4 Qc7 15. f5 exf5 16. gxf5 {0-1 (64) Grigoryan,K (2602)-Hayrapetyan,H (2489) Yerevan 2016}) 10... f6 11. Nf3 Ba6 $146 ({Predecessor:} 11... a6 12. axb5 Bxc3 13. bxc3 cxb5 14. e4 Nb6 15. Nh4 Bb7 {1-0 (30) Sinitsin,R (2207)-Panov,S (2147) Tomsk 2007}) 12. e4 Nxc3 (12... Nb6 $14) 13. bxc3 $18 Be7 14. axb5 Bxb5 15. Bh3 Nd7 (15... Qc8 $142 16. d5 cxd5) 16. Bxe6+ Kh8 17. Nh4 c5 18. Qe2 cxd4 (18... a6 $142 19. Qg4 (19. Bxc4 Bxc4 20. Qxc4 Nb6 $18) 19... g5) 19. cxd4 (19. Qh5 $142 {[%csl Gh5][%cal Rh4g6]} Qe8 20. Qxb5) 19... Qe8 20. Bxc4 Bxc4 21. Qxc4 Nb6 22. Qb3 Qc6 23. Nf5 (23. Qb1 $18 {and White stays clearly on top.}) 23... Qxe4 $16 24. Qb1 ({White should play} 24. Ra5 $16) 24... Qxb1 $11 25. Rxb1 Rfe8 26. Bf4 Nd5 27. Rb7 Nxf4 {The position is equal.} 28. gxf4 Bf8 29. d5 g6 30. Nd4 Rad8 31. Ne6 Rxd5 32. Nxf8 Rxf8 {[%mdl 4096] Endgame KRR-KRR} 33. Rc1 a5 34. Rcc7 Rh5 35. Ra7 Kg8 36. Kg2 Kh8 37. Kg3 Kg8 38. h3 Kh8 39. h4 Kg8 40. f5 gxf5 41. f4 Kh8 42. Rxa5 Rg8+ 43. Kh3 Rg4 {[%csl Gg4][%cal Rh5h4] [#]} 44. Ra8+ Rg8 45. Ra5 Rg4 {[%csl Gg4][%cal Rh5h4]} 46. Ra8+ {Precision: White = 72%, Black = 52%.} 1/2-1/2

[Event "WGM Marmaris Cleopatra 2018"]
[Site "Mentese Mugla"]
[Date "2018.10.29"]
[Round "7.8"]
[White "Arda, Cagil Irmak"]
[Black "Abdulla, Khayala"]
[Result "1/2-1/2"]
[WhiteElo "2096"]
[BlackElo "2168"]
[Annotator "RC"]
[PlyCount "90"]
[EventDate "2018.10.26"]
[EventType "tourn"]
[EventCountry "TUR"]
[SourceTitle "playchess.com"]
[Source "ChessBase"]
[SourceQuality "1"]
[TimeControl "5400+30"]

1. e4 {[%emt 0:01:30]} c5 {[%emt 0:00:30]} 2. Nf3 {[%emt 0:00:00]} e6 {[%emt 0:00:30]} 3. d4 {[%emt 0:00:00]} cxd4 {[%emt 0:00:30]} 4. Nxd4 {[%emt 0:00:00]} a6 {[%emt 0:00:00]} 5. c4 {[%emt 0:00:00]} Nf6 {[%emt 0:00:00]} 6. Nc3 {[%emt 0:00:30]} Qc7 {[%emt 0:00:30]} 7. a3 {[%emt 0:00:30]} b6 {[%emt 0:00:30]} 8. Be3 {[%emt 0:00:30]} Bb7 {[%emt 0:00:00]} 9. f3 {[%emt 0:00:30]} d6 {[%emt 0:00:00]} 10. Be2 {[%emt 0:00:00]} Be7 {[%emt 0:00:30]} 11. O-O {[%emt 0:00:00]} Nbd7 {[%emt 0:00:00]} 12. Qd2 {[%emt 0:00:30]} Rc8 {[%emt 0:00:00]} 13. Rac1 {[%emt 0:00:30]} Qb8 {[%emt 0:00:30]} 14. b4 {[%emt 0:00:30]} O-O {[%emt 0:01:30]} 15. Rfd1 {[%emt 0:00:30]} Rfe8 {[%emt 0:00:30]} 16. Nb3 {[%emt 0:00:30]} Bf8 {[%emt 0:04:30]} 17. Na4 {[%emt 0:10:30]} Bc6 {[%emt 0:05:30]} 18. Nb2 {[%emt 0:06:30]} Bb7 {[%emt 0:02:30]} 19. Bf4 {[%emt 0:02:30]} Ne5 {[%emt 0:07:30]} 20. Qe3 {[%emt 0:04:30]} Ned7 {[%emt 0:21:30]} 21. Qf2 {[%emt 0:04:30]} Be7 {[%emt 0:02:30]} 22. Na4 {[%emt 0:04:30]} Bc6 {[%emt 0:04:30]} 23. Nb2 {[%emt 0:02:30]} Nh5 {[%emt 0:03:30]} 24. Be3 {[%emt 0:01:30]} Nhf6 {[%emt 0:00:30]} 25. g4 {[%emt 0:04:30]} h6 {[%emt 0:02:30]} 26. Bf4 {[%emt 0:03:30]} Nf8 {[%emt 0:03:30]} 27. c5 {[%emt 0:06:30]} e5 {[%emt 0:12:30]} 28. cxd6 {[%emt 0:01:30]} Bxd6 {[%emt 0:02:30]} 29. Be3 {[%emt 0:00:30]} Bb5 {[%emt 0:06:01]} 30. Bxb5 {[%emt 0:03:30]} axb5 {[%emt 0:00:01]} 31. Bxb6 {[%emt 0:00:30]} Rxc1 {[%emt 0:00:32]} 32. Rxc1 {[%emt 0:03:30]} Ne6 {[%emt 0:00:26]} 33. Nd3 {[%emt 0:02:30]} Qa8 {[%emt 0:00:54]} 34. Na5 {[%emt 0:01:30]} Nd7 {[%emt 0:06:45]} 35. Be3 {[%emt 0:02:30]} Bc7 {[%emt 0:00:36]} 36. Nb3 {[%emt 0:04:30]} Qxa3 {[%emt 0:02:13]} 37. Qc2 {[%emt 0:00:30]} Qa6 {[%emt 0:01:53]} 38. Ndc5 {[%emt 0:04:30]} Ndxc5 {[%emt 0:00:58]} 39. Nxc5 {[%emt 0:00:00]} Nxc5 {[%emt 0:01:41]} 40. Qxc5 {[%emt 0:02:00]} Bd6 {[%emt 0:01:33]} 41. Qa7 {[%emt 0:03:30]} Qxa7 {[%emt 0:01:32]} 42. Bxa7 {[%emt 0:00:00]} Bxb4 {[%emt 0:00:08]} 43. Rb1 {[%emt 0:00:00]} Ra8 {[%emt 0:01:28]} 44. Rxb4 {[%emt 0:00:00]} Rxa7 {[%emt 0:00:08]} 45. Rxb5 {[%emt 0:00:00]} f6 {[%emt 0:00:00]} 1/2-1/2

[Event "WGM Marmaris Cleopatra 2018"]
[Site "Mentese Mugla"]
[Date "2018.10.29"]
[Round "7.9"]
[White "Okuyaz, Duru"]
[Black "Dimitrijevic, Aleksandra"]
[Result "0-1"]
[WhiteElo "2108"]
[BlackElo "2189"]
[Annotator "TA"]
[PlyCount "106"]
[EventDate "2018.10.26"]
[EventType "tourn"]
[EventCountry "TUR"]
[SourceTitle "playchess.com"]
[Source "ChessBase"]
[SourceQuality "1"]

{[%evp 23,106,0,0,0,7,0,0,0,0,-24,-19,-118,-109,-119,-121,-154,-148,-179,-184,-228,-138,-138,-138,-132,-143,-208,-201,-219,-219,-231,-216,-231,-220,-251,-249,-242,-243,-426,-423,-419,-415,-517,-546,-600,-608,-29992,-492,-492,-492,-487,-472,-594,-600,-605,-594,-594,-594,-570,-536,-600,-568,-710,-699,-1643,-1583,-1503,-1470,-1239,-1170,-2184,-2184,-1461,-1486,-12807,-1100,-1145,-1082,-29981,-29982,-29981,-29983,-29987,-29988,-29988,-29989]} 1. e4 d6 2. d4 Nf6 3. Nc3 e5 4. Nf3 Nbd7 5. Bc4 Be7 6. O-O O-O 7. Re1 a6 8. a4 b6 9. b3 c6 10. Ba3 {C41: Philidor-Verteidigung} (10. Bb2 Qc7 11. Bd3 Re8 12. Ne2 Bf8 13. Ng3 g6 14. c4 Bg7 15. d5 Nc5 16. Bf1 a5 17. Nd2 h5 {0-1 (30) Motylev,A (2676)-Navara,D (2638) Wijk aan Zee 2009}) 10... Bb7 11. dxe5 dxe5 12. Bd6 b5 {LiveBook: 6 Partien} 13. axb5 cxb5 14. Bxe7 Qxe7 15. Nd5 $146 ({Vorgänger:} 15. Bd5) 15... Qc5 16. Nxf6+ Nxf6 17. Bd5 (17. Bd3 $1 $11) 17... Nxd5 $17 18. exd5 {[#]} f6 $1 19. c4 bxc4 20. bxc4 Qxc4 21. Ra5 Qb4 22. Qa1 Rfd8 23. Rb1 Qe7 24. Qa2 (24. Ne1 $17 {ist wohl besser.}) 24... Qf7 $19 25. Rd1 Rd6 26. Rc5 Rad8 {[%cal Rd6d5,Ba8d8,Bd8d7,Bd7b7,Bb7b1][%mdl 32]} 27. Qa5 R8d7 {[%cal Rd6d5]} 28. Rb1 {Droht stark Txb7!} h6 ({Lieber nicht} 28... Rxd5 {[#]} 29. Rxb7 $1 {[%mdl 512]} Rd1+ 30. Ne1 $16) 29. h3 Rxd5 30. Rxb7 $2 (30. Ne1 Rd4 31. Rcc1) 30... Rd1+ 31. Kh2 Rxb7 32. Rc8+ Kh7 33. Qxa6 Rbb1 34. g3 Qb7 (34... Rh1+ $142 35. Kg2 Qd5 36. Rh8+ Kg6 37. Qd3+ Qxd3 38. Nh4+ Kh5 39. Rxh6+ gxh6 40. g4+ Kxh4 41. f3 Qf1#) 35. Qxb7 Rxb7 {[%mdl 4096] Endspiel KTT-KTS} 36. Rc2 Rbb1 37. g4 g5 38. Re2 Kg6 39. Kg3 Rd3 40. Kg2 Rbb3 41. Ng1 h5 {[%cal Bh6h5,Bh5h4][%mdl 32]} 42. f3 h4 43. Re4 Rd1 44. Ne2 Rb2 45. Kf2 Kf7 46. Kg2 Ke6 47. Kf2 Kd5 48. Kg2 Rc2 (48... Rd3 $142 49. Kf2 Ra3) 49. Kf2 Ra2 50. Kg2 Rd3 {Schwarz setzt Matt.} 51. Kf2 Raa3 52. Ng1 Rxf3+ 53. Nxf3 Kxe4 {Precision: Weiß = 28%, Schwarz = 83%.} 0-1